Score 0/18 Timer 10:00
0 Plays Today
First Portrayal Name % Correct
Batman: The Brave and the Bold (2008-2011 TV Series)John DiMaggio
100%
Batman v Superman: Dawn of Justice (2016 Movie)Jason Momoa
50%
Challenge of the Super Friends (1978 TV Series) Bill Callaway
0%
Superman: The Animated Series (1997-1999 TV Series)Miguel Ferrer
0%
Justice League (2001-2004 TV Series)Scott Rummell
0%
Justice League Heroes (2006 Video Game)Bryce Johnson
0%
Smallville (2005-2010 TV Series)Alan Ritchson
0%
Justice League: Crisis on Two Earths (2010 Movie) Josh Keaton
0%
Injustice: Gods Among Us (2013 Video Game)Phil LaMarr
0%
First Portrayal Name % Correct
Justice League: The Flashpoint Paradox (2013 Movie)Cary Elwes
0%
JLA Adventures: Trapped in Time (2014 Movie)Liam O’Brien
0%
DC Super Heroes vs Eagle Talon (2017 Video Game)Kazuya Nakai
0%
LEGO DC Comics: Batman Be-Leaguered (2014 Movie)Dee Bradley Baker
0%
LEGO Batman 3: Beyond Gotham (2014 Video Game)Scott Porter
0%
Justice League : Throne of Atlantis (2015 Movie)Matt Lanter
0%
LEGO Batman 2: DC Super Heroes (2012 Video Game)Brian Bloom
0%
Teen Titans Go! To the Movies (2018 Movie)Eric Bauza
0%
Harley Quinn (2020 TV Series)Chris Diamantopoulos
0%
Remove Ads.
Support Sporcle.
Get the best of Sporcle when you Go Orange. This ad-free experience offers more features, more stats, and more fun while also helping to support Sporcle. Thank you for becoming a member.

You're not logged in!

Compare scores with friends on all Sporcle quizzes.
OR
Log In

Sporcle TV

Today on Sporcle TV


Watch our educational content, quiz creation guides, and fun videos on Sporcle TV.

Show Comments

Extras

Created May 7, 2020ReportNominate
Tags:Actor Quiz, Aquaman, Portrayal

Top Quizzes Today


Score Distribution

Paid Content

Your Account Isn't Verified!

In order to create a playlist on Sporcle, you need to verify the email address you used during registration. Go to your Sporcle Settings to finish the process.

Report this User

Report this user for behavior that violates our Community Guidelines.

Details: